• 首页
  • 本馆介绍
  • 公告通知
  • 最新文献
  • 馆藏检索
  • 电子资源
  • 读者导购
  • 参考咨询
  • 我的图书馆
  • 登录
  • 详细信息显示
  • 放入我的书架
  • 预约/预借图书
  • 作者相关作品
  • 分类相关作品
  • 丛书相关作品
  • 出版社相关作品

书目信息

  • 表格格式
  • 工作单格式
  • 卡片格式
书名: The sea’s harvest
作者: Joseph E. Brown ; introd. by Robert B. Abel.
分册号:
分册名:
出版地: New York :
 
出版社: Dodd, Mead
出版时间: [1975].
页数: 96 p. :
开本: 24 cm.
丛书名:
中图分类号:
科图分类号:
其他分类号: S97
主题词:
电子资源:
000 01009pam a2200289 i 450
001 E0730042792
005 20070518082136.23
008 750321s1975 nyua j 001 0 eng
010    @a75009646
020    @a0396071538@blib. bdg. :@c$4.95.
035    @A(DLC) 75009646
040    @aDLC@cDLC@dDLC
042    @alcac
050 00 @aSH138@b.B76
082 00 @a639
090    @aS97
099    @dS97@ex7
100 1  @aBrown, Joseph E.,@d1929-
245 14 @aThe sea’s harvest :@bthe story of aquaculture / @cJoseph E. Brown ; introd. by Robert B. Abel.
260    @aNew York :@bDodd, Mead,@c[1975].
300    @a96 p. :@bill. ;@c24 cm.
500    @aIncludes index.
520    @aDescribes the various projects involving planting, cultivating, and harvesting the many plant and animal resources of the sea.
650  0 @aMariculture@xJuvenile literature.
650  1 @aMarine resources.
906    @a7@bcbc@corignew@d1@eocip@f19@gy-gencatlg
991    @bc-GenColl@hSH138@i.B76@p00028601839@tCopy 1@wBOOKS
    
    The sea’s harvest : : the story of aquaculture / / Joseph E. Brown ; introd. by Robert B. Abel.-New York : : Dodd, Mead, , [1975].
    96 p. : : ill. ; ; 24 cm.
    Includes index.-Describes the various projects involving planting, cultivating, and harvesting the many plant and animal resources of the sea.
    
    ISBN 0396071538lib. bdg. :$4.95.
    Describes the various projects involving planting, cultivating, and harvesting the many plant and animal resources of the sea.
●
相关链接 在E读中查询图书 在五车中查询图书 在当当中查询图书 在豆瓣中查询图书


正题名:sea's harvest     索取号:S97/x7         预约/预借

序号 登录号 条形码 馆藏地/架位号 状态 备注
1 9910   300099104   第二样本阅览室/ [索取号:S97/x7] 在馆    
唐山师范学院图书馆 欢迎您!
大连网信软件有限公司© 版权所有